[Event "Bratto op 13th"]
[Site "Bratto"]
[Date "1993.??.??"]
[Round "?"]
[White "Laco, Giuseppe"]
[Black "Magalotti, Andrea"]
[Result "1-0"]
[WhiteElo "2275"]
[BlackElo "2205"]
[PlyCount "149"]
[EventDate "1993.??.??"]
[EventType "swiss"]
[EventRounds "7"]
[EventCountry "ITA"]
[SourceTitle "EXT 2002"]
[Source "ChessBase"]
[SourceDate "2001.11.25"]
[SourceVersion "1"]
[SourceVersionDate "2001.11.25"]
[SourceQuality "1"]

1. c4 Nf6 2. b4 e6 3. a3 b6 4. Bb2 Bb7 5. e3 Be7 6. Nf3 0-0 7. Nc3 d6 8. Qc2 c5 9. b5 Nbd7 10. Be2 Qc7 11. h3 Rfe8 12. 0-0 d5 13. d3 Nf8 14. a4 Ng6 15. Ra2 Bd8 16. Rd1 Rc8 17. Bf1 Qd6 18. e4 Bc7 19. g3 Rcd8 20. Re1 d4 21. Nb1 Nd7 22. Bc1 f5 23. Nbd2 f4 24. g4 Qe7 25. Bg2 Nde5 26. a5 Ra8 27. Nb3 Nxf3+ 28. Bxf3 Qh4 29. a6 Bc8 30. Kg2 Ne5 31. Qe2 Rf8 32. Rh1 Rf6 33. Ra1 Bd7 34. Ba3 Rg6 35. Rag1 Be8 36. Kf1 Rd8 37. Nd2 Nd7 38. Ke1 Be5 39. Kd1 Bf6 40. Kc2 Ne5 41. Kb3 Qh6 42. h4 Bxh4 43. Rh3 Qg5 44. Rgh1 Rh6 45. Bg2 Rd7 46. Bc1 Rf7 47. Nf3 Nxf3 48. Bxf3 e5 49. R1h2 Qe7 50. Qd1 Bg5 51. Rxh6 Bxh6 52. Qh1 Qe6 53. Kb2 Rc7 54. Bd1 Qg6 55. f3 Bg5 56. Bd2 Be7 57. Rh5 Bg5 58. Be1 h6 59. Rh2 Be7 60. Be2 Bxb5 61. cxb5 Qe8 62. Bd1 Qxb5+ 63. Bb3+ Kh7 64. Rc2 Qxd3 65. Bc4 Qd1 66. Be2 Qxc2+ 67. Kxc2 c4 68. Qh5 d3+ 69. Bxd3 cxd3+ 70. Kxd3 Bf6 71. Qf5+ Kh8 72. Bb4 b5 73. Qe6 Rc4 74. Qe8+ Kh7 75. Qxb5 1-0

[Event "Bratto op 13th"]
[Site "Bratto"]
[Date "1993.??.??"]
[Round "?"]
[White "Laketic, Gojko"]
[Black "Magalotti, Andrea"]
[Result "0-1"]
[WhiteElo "2415"]
[BlackElo "2205"]
[PlyCount "69"]
[EventDate "1993.??.??"]
[EventType "swiss"]
[EventRounds "7"]
[EventCountry "ITA"]
[SourceTitle "EXT 2002"]
[Source "ChessBase"]
[SourceDate "2001.11.25"]
[SourceVersion "1"]
[SourceVersionDate "2001.11.25"]
[SourceQuality "1"]

1. e4 e5 2. Nf3 Nc6 3. Bb5 Nf6 4. d3 d6 5. c3 Be7 6. Nbd2 a6 7. Ba4 0-0 8. 0-0 Re8 9. Re1 Bf8 10. Nf1 g6 11. Ng3 b5 12. Bb3 Na5 13. Bc2 c5 14. d4 Bb7 15. d5 Bc8 16. a3 Bd7 17. Bg5 h6 18. Be3 Kh7 19. h3 Bg7 20. Nd2 Qc7 21. b3 Ng8 22. Rc1 Re7 23. b4 Nb7 24. c4 Rc8 25. Bd3 Qb8 26. Qe2 bxc4 27. Nxc4 cxb4 28. axb4 Rd8 29. Nb6 a5 30. b5 Nf6 31. Rc3 h5 32. Qd2 h4 33. Nf1 Ng8 34. Bg5 f6 35. Be3 0-1

[Event "Forli op"]
[Site "Forli"]
[Date "1991.??.??"]
[Round "6"]
[White "Falchetta, Giovanni"]
[Black "Magalotti, Andrea"]
[Result "1/2-1/2"]
[WhiteElo "2235"]
[BlackElo "2205"]
[PlyCount "71"]
[EventDate "1991.09.??"]
[EventType "swiss"]
[EventRounds "9"]
[EventCountry "ITA"]
[SourceTitle "EXT 1997"]
[Source "ChessBase"]
[SourceDate "1996.11.15"]
[SourceVersion "1"]
[SourceVersionDate "1996.11.15"]
[SourceQuality "1"]

1. d4 Nf6 2. c4 e6 3. Nc3 Bb4 4. Qc2 d5 5. cxd5 exd5 6. Bg5 h6 7. Bh4 c5 8. dxc5 g5 9. Bg3 Ne4 10. e3 Qf6 11. Bb5+ Nc6 12. Nge2 a6 13. Bd3 Nxc5 14. a3 Be6 15. 0-0 Rc8 16. Na4 Nxa4 17. Qxa4 Be7 18. b4 h5 19. f3 Kf8 20. Rac1 Ne5 21. Rxc8+ Bxc8 22. Qb3 h4 23. Bxe5 Qxe5 24. Qc3 Qxc3 25. Nxc3 Be6 26. Rc1 Kg7 27. Ne2 Rc8 28. Rxc8 Bxc8 29. Nd4 Kf6 30. Kf2 Bd6 31. g3 Bd7 32. f4 a5 33. bxa5 Bxa3 34. a6 bxa6 35. Bxa6 gxf4 36. gxf4 1/2-1/2